| 000 | 00768cam a2200241 a 4500 | ||
|---|---|---|---|
| 020 | _a0072337397 | ||
| 040 | _cDLC | ||
| 082 | 0 | 0 | _a005 LIW 2000 A007 Or. |
| 100 | 1 | _aO'Leary, Timothy J., | |
| 245 | 1 | 0 | _aMicrosoft Excel 2000 / |
| 250 | _aIntroductory ed. | ||
| 260 |
_aBoston : _bIrwin/McGraw-Hill, _cc2000. |
||
| 300 |
_a1 v. (various pagings) : _bcol. ill. ; _c28 cm. |
||
| 490 | 1 | _aThe O'Leary series | |
| 500 | _aIncludes index. | ||
| 650 | 0 | _aBusiness | |
| 650 | 0 | _aElectronic spreadsheets. | |
| 700 | 1 | _aO'Leary, Linda I. | |
| 856 | 4 | 2 | _uhttp://www.loc.gov/catdir/description/mh023/99065258.html |
| 856 | 4 | 1 | _uhttp://www.loc.gov/catdir/toc/mh023/99065258.html |
| 856 | 4 | 2 | _uhttp://www.loc.gov/catdir/enhancements/fy0737/99065258-b.html |
| 942 | _cEK | ||
| 999 |
_c12517 _d12517 |
||